Sintonización de controladores PID en sistemas multivariables

Guardat en:
Dades bibliogràfiques
Autor principal: Gutiérrez Vargas, Edgar Max
Format: Llibre
Publicat: [San José, Costa Rica] 2002
Matèries:
Etiquetes: Afegir etiqueta
Sense etiquetes, Sigues el primer a etiquetar aquest registre!

MARC

LEADER 00000nam a2200000Ia 4500
003 009073
005 20221231144054.0
008 140114s2002 cr a 000 ||s d
040 |c cru CEDI  
090 |a TFG 4628 
100 |a Gutiérrez Vargas, Edgar Max   |9 4088 
245 |a Sintonización de controladores PID en sistemas multivariables  
260 |c 2002  |b [San José, Costa Rica] 
300 |a xii, 100 hojas; ilustraciones (algunas a color) 
500 |a Proyecto de graduación (bachillerato en ingeniería eléctrica)--Universidad de Costa Rica. Facultad de Ingeniería. Escuela de Ingeniería Eléctrica 
650 |x CONTROLADORES PID  |x SIMULACION POR COMPUTADORA   |x  CONTROL AUTOMATICO   |x  TEORIA DEL CONTROL   |9 4089 
942 |c TFG 
999 |c 16478  |d 16478